00783cam a2200217Mc 450000500170000000800410001702000180005802000150007603500210009104000500011204100080016210000180017024501110018826000580029930000570035750400530041465000260046765000170049365000140051065000410052420150813130303.0150813s2013 xxuad fr 001 u eng d a9781137338747 a1137338741 a(OCoLC)885227799 aCO-BoUCMbspacJose A. GerenadJose A. Gerena0 aeng1 aSzyszka, Adam10aBehavioral finance and capital marketsbhow psychology influences investors and corporationscAdam Szyszka3 aNueva York (Estados Unidos)bPalgrave Macmillanc2013 ax, 335 páginasbilustraciones, cuadros, gráficas aIncluye referencias bibliográficas e índices 7aMercado de capitales  7aInversiones  7aFinanzas  7aEconomía xAspectos psicológicos